Statistics for European Capitals in a Random Order

Click here to take the quiz!

General Stats

  • This quiz has been taken 80 times
  • The average score is 40 of 45

Answer Stats

CountryCapital% Correct
GreeceAthens
97%
IrelandDublin
97%
MonacoMonaco
97%
FranceParis
97%
ItalyRome
97%
PolandWarsaw
97%
GermanyBerlin
94%
SwitzerlandBern
94%
BelgiumBrussels
94%
HungaryBudapest
94%
FinlandHelsinki
94%
UkraineKyiv
94%
PortugalLisbon
94%
SwedenStockholm
94%
RomaniaBucharest
92%
DenmarkCopenhagen
92%
United KingdomLondon
92%
NorwayOslo
92%
IcelandReykjavík
92%
AustriaVienna
92%
NetherlandsAmsterdam
89%
LuxembourgLuxembourg
89%
SpainMadrid
89%
RussiaMoscow
89%
Czech RepublicPrague
89%
San MarinoSan Marino
89%
BulgariaSofia
89%
Vatican CityVatican City
89%
LatviaRiga
86%
AlbaniaTirana
86%
MaltaValletta
86%
AndorraAndorra la Vella
83%
SlovakiaBratislava
83%
Bosnia and HerzegovinaSarajevo
83%
CroatiaZagreb
83%
BelarusMinsk
81%
LithuaniaVilnius
81%
SerbiaBelgrade
78%
North MacedoniaSkopje
78%
EstoniaTallinn
78%
SloveniaLjubljana
75%
KosovoPristina
75%
LiechtensteinVaduz
75%
MoldovaChișinău
72%
MontenegroPodgorica
69%

Score Distribution

Percentile by Number Answered

Percent of People with Each Score

Your Score History

You have not taken this quiz